Family medical care (Record no. 15952)
[ view plain ]
| 000 -LEADER | |
|---|---|
| fixed length control field | 00342nam a2200133Ia 4500 |
| 008 - FIXED-LENGTH DATA ELEMENTS--GENERAL INFORMATION | |
| fixed length control field | 191206s9999 xx 000 0 und d |
| 020 ## - INTERNATIONAL STANDARD BOOK NUMBER | |
| International Standard Book Number | 884101118 |
| 090 ## - | |
| -- | RA395.A35S54 |
| 245 #0 - TITLE STATEMENT | |
| Title | Family medical care |
| 260 ## - PUBLICATION, DISTRIBUTION, ETC. | |
| Place of publication, distribution, etc. | Ballinger Pub. Co. |
| 260 ## - PUBLICATION, DISTRIBUTION, ETC. | |
| Date of publication, distribution, etc. | c[1974] |
| 300 ## - PHYSICAL DESCRIPTION | |
| Extent | "xxii, 343 p. illus. 24 cm." |
| Withdrawn status | Lost status | Source of classification or shelving scheme | Damaged status | Not for loan | Home library | Current library | Date acquired | Total Checkouts | Full call number | Barcode | Date last seen | Price effective from | Koha item type |
|---|---|---|---|---|---|---|---|---|---|---|---|---|---|
| CUZ Bulawayo Campus | CUZ Bulawayo Campus | 06.12.2019 | RA395.A35S54 | BBK000624 | 06.12.2019 | 06.12.2019 | OS Book |